书目信息 |
| 题名: |
物理奇遇记
|
|
| 作者: | 盖莫 著 ;率铭岐 译 | |
| 分册: | ||
| 出版信息: | 北京 人民邮电出版社 2018 |
|
| 页数: | 207页 | |
| 开本: | 21cm | |
| 丛书名: | 图灵新知 | |
| 单 册: | ||
| 中图分类: | O4-49 | |
| 科图分类: | ||
| 主题词: | 物理学--Wu Li Xue--普及读物 | |
| 电子资源: | ||
| ISBN: | 978-7-115-47324-0 | |
| 000 | 01573nam 2200337 450 | |
| 001 | 012001001742 | |
| 005 | 20131108174920.0 | |
| 010 | @a978-7-115-47324-0@dCNY39.00 | |
| 092 | @aCN@b201802-2K-0051 | |
| 099 | @aCAL 012018042590 | |
| 100 | @a20180418d2018 em y0chiy50 ea | |
| 101 | 0 | @achi |
| 102 | @aCN@b110000 | |
| 105 | @aa z 000yy | |
| 106 | @ar | |
| 200 | 1 | @a物理奇遇记@Awu li qi yu ji@d= Mr Tompkins in paperback@f(美) 乔治·伽莫夫著@g率铭岐译@zeng |
| 210 | @a北京@c人民邮电出版社@d2018 | |
| 215 | @a207页@c图@d21cm | |
| 225 | 2 | @a图灵新知@ATu Ling Xin Zhi |
| 314 | @a责任者Gamow汉译姓: 盖莫 | |
| 314 | @a乔治·伽莫夫 (George Gamow, 1904—1968), 俄裔美国物理学家和宇宙学家。 | |
| 330 | @a汤姆金斯先生是一家大的城市银行里的一个小职员。他对现代物理学感兴趣, 但像很多人一样, 物理理论的长篇大论让他昏昏欲睡。而在梦境中, 他进入了许多不同寻常的物理世界: 有个世界的光速变得很小很小, 有个宇宙的膨胀和收缩周期只有短短两小时, 还有个世界的普朗克常数变得很大很大, 而在原子世界中, 他则化身为一个电子。就这样, 通过汤姆金斯先生在这些梦中物理世界的种种奇遇, 乔治·伽莫夫在这部科普经典中向我们生动讲解了相对论、宇宙学、量子理论以及粒子物理的诸多基本概念, 让我们得以更清晰地理解我们所实际生活的物理世界。 | |
| 333 | @a相关专业人员 | |
| 410 | 0 | @12001 @a图灵新知 |
| 500 | 10 | @aMr Tompkins in paperback@mChinese |
| 606 | 0 | @a物理学@AWu Li Xue@j普及读物 |
| 690 | @aO4-49@v5 | |
| 701 | 1 | @a盖莫@AJia Mo Fu@g(Gamow, George),@f1904-1968@4著 |
| 702 | 0 | @a率铭岐@AShuai Ming Qi@4译 |
| 801 | 0 | @aCN@b北京卓展@c20191020 |
| 905 | @b1198890-3@dO4-49@e1026@f4 | |
| 物理奇遇记= Mr Tompkins in paperback/(美) 乔治·伽莫夫著/率铭岐译.-北京:人民邮电出版社,2018 |
| 207页:图;21cm.-(图灵新知) |
| 使用对象:相关专业人员 |
| ISBN 978-7-115-47324-0:CNY39.00 |
| 汤姆金斯先生是一家大的城市银行里的一个小职员。他对现代物理学感兴趣, 但像很多人一样, 物理理论的长篇大论让他昏昏欲睡。而在梦境中, 他进入了许多不同寻常的物理世界: 有个世界的光速变得很小很小, 有个宇宙的膨胀和收缩周期只有短短两小时, 还有个世界的普朗克常数变得很大很大, 而在原子世界中, 他则化身为一个电子。就这样, 通过汤姆金斯先生在这些梦中物理世界的种种奇遇, 乔治·伽莫夫在这部科普经典中向我们生动讲解了相对论、宇宙学、量子理论以及粒子物理的诸多基本概念, 让我们得以更清晰地理解我们所实际生活的物理世界。 |
| ● |
| 相关链接 |
|
|
|
|
正题名:物理奇遇记
索取号:O4-49/1026
 
预约/预借
| 序号 | 登录号 | 条形码 | 馆藏地/架位号 | 状态 | 备注 |
| 1 | 1198890 | 211988900 | 第二样本阅览室/ [索取号:O4-49/1026] | 在馆 | |
| 2 | 1198891 | 211988919 | 第三借阅区/ [索取号:O4-49/1026] | 在馆 | |
| 3 | 1198892 | 211988928 | 第三借阅区/ [索取号:O4-49/1026] | 在馆 | |
| 4 | 1198893 | 211988937 | 第三借阅区/ [索取号:O4-49/1026] | 在馆 |